Catalog

Record Details

Catalog Search



Slovník pro historiky a návštěvníky archivů / Václav Rameš

Summary:

Hlavní součástí příručky je výkladový slovník archivní terminologie, pojmů z pomocných věd historických i z oblasti ústavních dějin, dějin správy atd. Doplněno adresářem českých archivů, badatelským řádem a textem zákona o archivnictví z r. 2004. Důležitou součástí je i charakteristika archivních fondů a sbírek, návod, jak hledat v inventáři, katalogu apod.
Základní příručka pro uživatele archivů. Zásady práce s archivním materiálem (historickými prameny) pro studenty i laické zájemce o historii.

Record details

  • ISBN: 80-7277-175-2 (brož.) :
  • Physical Description: 431 s. ; 21 cm
  • Edition: 1. vyd.
  • Publisher: Praha : Libri, 2005

Content descriptions

General Note:
Německo-český slovníček
Adresář archivů
Dotisk r. 2006
Dotisk 2000 výt.
Bibliography, etc. Note:
Obsahuje bibliografii a bibliografické odkazy
Formatted Contents Note:
Zákon č. 499 ze dne 30. června 2004 o archivnictví a spisové službě a o změně některých zákonů : (výběr)

Available copies

  • 1 of 1 copy available at Common Catalog SPOK.

Holds

  • 0 current holds with 1 total copy.
Show Only Available Copies
Location Call Number / Copy Notes Barcode Shelving Location Status Due Date
Terezin Initiative Institute 4842 4594304842 Knihovna ITI Available -

LDR 02640cam a2200589 a 4500
00127257
003CZ-PrJAB
00520221013092326.0
008050603s2005 xr gre 000 0 cze
015 . ‡acnb001570155
020 . ‡a80-7277-175-2 (brož.) : ‡cKč 295,00
035 . ‡a(CONS)2075
035 . ‡a(CZ PrSKC)nkc20051570155
035 . ‡a(OCoLC)62476684
040 . ‡aABA001 ‡bcze ‡dBOA001 ‡dABA001
080 . ‡a930.25 ‡2MRF
080 . ‡a930.2 ‡2MRF
080 . ‡a94(437.3) ‡2MRF
080 . ‡a81'373.46 ‡2MRF
080 . ‡a(038)81 ‡2MRF
080 . ‡a(038.072) ‡2MRF
080 . ‡a(035) ‡2MRF
1001 . ‡aRameš, Václav, ‡d1958- ‡7jo20000071175 ‡4aut
24510. ‡aSlovník pro historiky a návštěvníky archivů / ‡cVáclav Rameš
250 . ‡a1. vyd.
260 . ‡aPraha : ‡bLibri, ‡c2005
300 . ‡a431 s. ; ‡c21 cm
500 . ‡aNěmecko-český slovníček
500 . ‡aAdresář archivů
500 . ‡aDotisk r. 2006
500 . ‡aDotisk 2000 výt.
504 . ‡aObsahuje bibliografii a bibliografické odkazy
5052 . ‡aZákon č. 499 ze dne 30. června 2004 o archivnictví a spisové službě a o změně některých zákonů : (výběr)
5209 . ‡aHlavní součástí příručky je výkladový slovník archivní terminologie, pojmů z pomocných věd historických i z oblasti ústavních dějin, dějin správy atd. Doplněno adresářem českých archivů, badatelským řádem a textem zákona o archivnictví z r. 2004. Důležitou součástí je i charakteristika archivních fondů a sbírek, návod, jak hledat v inventáři, katalogu apod.
5209 . ‡aZákladní příručka pro uživatele archivů. Zásady práce s archivním materiálem (historickými prameny) pro studenty i laické zájemce o historii.
7870 . ‡tZákon o archivnictví a spisové službě (2004)
8524 . ‡bJACH-ITI ‡bJACH-ITI ‡cKnihovna ITI ‡j4842 ‡p4842 ‡y$0.00
910 . ‡aABE340 ‡b4842
995 . ‡a\ ‡askok
901 . ‡a27257 ‡bISxN ‡c27257 ‡tbiblio

Additional Resources